Manual de procedimientos administrativos /
| Autore principale: | |
|---|---|
| Natura: | Libro |
| Lingua: | spagnolo |
| Pubblicazione: |
Costa Rica :
Instituto de Investigaciones en Educación,
2005
|
| Soggetti: |
MARC
| LEADER | 00000nam a2200000Ia 4500 | ||
|---|---|---|---|
| 008 | 180912b2005 cr ||||| |||| 00| | spa d | ||
| 999 | |c 2387 |d 2387 | ||
| 090 | |a 19.02.09 |b 1742 | ||
| 100 | |a Mejía Solano, Xinia |9 4225 | ||
| 245 | 1 | 0 | |a Manual de procedimientos administrativos / |c Xinia Mejía Solano |
| 260 | |a Costa Rica : |b Instituto de Investigaciones en Educación, |c 2005 | ||
| 300 | |a páginas | ||
| 650 | 1 | 4 | |a MANUALES |9 426 |
| 650 | 1 | 4 | |a ADMINISTRACIÓN |9 2299 |
| 942 | |i 002951 |h 19.02.09 1742 |2 z |c 04 | ||
